| 000 | 01192cam a22003375a 4500 | ||
|---|---|---|---|
| 001 | 015845978 | ||
| 003 | OSt | ||
| 005 | 20160518153403.0 | ||
| 008 | 110405t2015 nyua frb 001 0 eng d | ||
| 015 |
_aGBB182982 _2bnb |
||
| 020 | _a9780071628358 (pbk.) | ||
| 020 | _a0071628355 (pbk.) | ||
| 020 | _a9781259253683 | ||
| 020 | _a1259253686 | ||
| 040 |
_aStDuBDS _beng _cStDuBDS _dUk _dEG-ScBUE |
||
| 082 | 0 | 4 |
_a615.7076 _bCAS _222 |
| 245 | 0 | 0 |
_aCasebook in clinical pharmacokinetics and drug dosing / _c[edited by] Henry Cohen. |
| 260 |
_aNew York : _bMcGraw-Hill Education Medical, _cc.2015. |
||
| 300 |
_axiii, 285 p. : _bill. (col.) ; _c28 cm. |
||
| 500 | _aIndex : p. 277-285. | ||
| 504 | _aIncludes bibliographical references. | ||
| 520 | _aA case-based approach to teaching students how to design accurate dosing regimens. | ||
| 650 | 0 |
_aPharmacokinetics _vCase studies. _2BUEsh |
|
| 650 | 0 |
_aPharmacokinetics _vProblems, exercises, etc. _2BUEsh |
|
| 650 | 0 |
_aDrugs _xDosage _vCase studies. _2BUEsh |
|
| 650 | 0 |
_aDrugs _xDosage _vProblems, exercises, etc. _2BUEsh |
|
| 651 | _2BUEsh | ||
| 653 |
_bPPhrm _cMay2016 |
||
| 700 | 1 |
_aCohen, Henry, _d1965- _eeditor. _940040 |
|
| 942 | _2ddc | ||
| 999 |
_c21786 _d21758 |
||